Ceux qui rêvent - Pomme - Statistiques

Statistiques générales
  • Ce quiz a été pris 206 fois
    205 depuis la dernière actualisation
  • Le résultat moyen est 179 sur 212
Statistiques - réponses
Hint Réponse % Correct
à
99%
À
99%
la
98%
98%
La
98%
de
97%
Et
97%
et
97%
ne
97%
| . pas
97%
Je
96%
je
96%
me
96%
des
94%
le
93%
Qui
93%
qui
93%
Ceux
92%
est
91%
insomnies
91%
Mes
91%
mes
91%
moi
91%
minuit
90%
dors
89%
sont
89%
au
88%
Au
88%
blanches
88%
les
88%
nuits
88%
rêvent
88%
peine
87%
chance
86%
ont
86%
Ah
85%
bien
85%
dans
85%
claires
83%
d'étoiles
82%
j'ai
82%
passe
82%
passé
82%
mon
81%
rythme
80%
autres
79%
moins
78%
plus
78%
Quant
78%
Semées
78%
pense
77%
toile
77%
tout
77%
danse
76%
j'oublie
76%
lit
76%
compter
75%
moutons
75%
fond
74%
heures
74%
immense
74%
un
74%
l'espace
73%
peu
73%
tapissent
73%
voile
73%
funèbres
71%
sur
71%
une
71%
infinies
70%
puis
70%
vie
69%
balance
68%
ennui
68%
maladie
68%
science
68%
ténèbres
68%
cet
67%
étanche
67%
tachycardies
67%
tous
67%
ces
66%
Tristes
66%
fruit
65%
Qu'il
65%
C'est
64%
recourir
64%
trous
64%
cosmique
63%
rance
63%
Dois
62%
fuit
62%
inouï
62%
Petits
62%
strass
62%
silences
61%
Anesthésier
59%
envoutée
59%
L'immense
59%
l'insomnie
57%
s'emballe
57%
impasse
55%
lune
55%
s'étendent
48%
m'étale
44%
Aucun quiz correspondant
Distribution des résultats
% des personnes avec chaque résultat
Percentile par nombre de réponses
Votre historique - résultats
Vous n’avez pas pris ce quiz depuis la dernière actualisation